000 00335nam a2200145Ia 4500
005 20251222144743.0
008 251222s9999||||xx |||||||||||||| ||spa||
020 _a9788588373310
082 _a918.002/D11
100 _aD´Lessio, Vito
245 0 _aO Oficio do Fogo
250 _a1ra.ed.
264 _bGrupo Tejofran
942 _cLIB
999 _c19056
_d19056